Countries of Number One Tennis Players - Statistics

General Stats
  • This quiz has been taken 769 times
  • The average score is 12 of 13
Answer Stats
Hint Answer % Correct
Jimmy Connors, John McEnroe, Jim Courier, Pete Sampras, Andre Agassi, Andy Roddick United States
100%
Carlos Moyá, Juan Carlos Ferrero, Rafael Nadal Spain
99%
Roger Federer Switzerland
99%
Boris Becker Germany
98%
Novak Djokovic Serbia
97%
John Newcombe, Patrick Rafter, Lleyton Hewitt Australia
95%
Björn Borg, Mats Wilander, Stefan Edberg Sweden
95%
Yevgeny Kafelnikov, Marat Safin Russia
93%
Ivan Lendl Czechoslovakia
86%
Gustavo Kuerten Brazil
84%
Thomas Muster Austria
79%
Ilie Năstase Romania
74%
Marcelo Ríos Chile
70%
No matching quizzes found
Score Distribution
Percent of People with Each Score
Percentile by Number Answered
Your Score History
You have not taken this quiz